LEADER 01262nam a2200253 i 4500 001 000000150480 003 CaOOAMICUS 005 20251003113903.0 008 060524s1936 vc u000 u mul u 040 $aSeMil$bita 245 10$aPio 11. monumenti ed opere :$bomaggio di ammirazione e di devozione /$c[fotografie e tavole di Arturo Faccioli ; note descrittive di monsignor Guido Anichini]. 264 1$a[S.l. :$bs.n.]$e(Milano :$fGrafiche Pezzini,$g1936) 300 $a636 p., [12, 6] c. di tav., [20] p. di tav. :$bill. ;$c41 cm. 600 04$aPio XI .$0(OLS)http://semarc/subject/2399 700 1 $aFaccioli, Arturo.$0(OLS)http://semarc/name/41771 700 1 $aAnichini, Guido,$c.$0(OLS)http://semarc/name/20670 850 $aSeMil 852 $aSeMil$W1$xVenegono$y1$m3.SOVR VII 9$j262757$B102620$CSeMilBibl$Z2$F111917 $8M 852 $aSeMil$W1$xVenegono$y1$m3.SOVR VII 9/A$j262758$B111108$CSeMilBibl$Z2$F120717 $8M 961 $aOmaggio: Caspani don Pierpaolo 961 $aRecupero: Altro 996 $6245$aPio 11. monumenti ed opere :$bomaggio di ammirazione e di devozione$9(OLS)http://semarc/title/220036 996 $6264$a[S.l. :$bs.n.]$9(OLS)http://semarc/publisher/29751 LEADER 01153nam a2200277 i 4500 001 000000063155 003 CaOOAMICUS 005 20100409000000.0 008 100409s1996 it u000 u ita u 013 $a34327 020 $a88-343-0182-X 040 $aSeMil$bita 100 1 $aTrisoglio, Francesco,$c.$0(OLS)http://semarc/name/89886 245 10$aGregorio di Nazianzo il teologo /$cFrancesco Trisoglio. 260 $aMilano :$bVita e Pensiero,$c1996. 300 $aVI, 228 p. ;$c22 cm. 490 0 $aStudia Patristica Mediolanensia ;$v20 500 $aContiene : Nota bibliografica. 600 04$aGregorio : Nazianzeno .$0(OLS)http://semarc/subject/484 830 0$aStudia patristica Mediolanensia ;$v20.$0(OLS)http://semarc/title/64 850 $aSeMil 852 $aSeMil$W1$xVenegono$y1$m2IA H 20$j236411$B29308$CSeMilBibl$Z2$F29311 $81 961 $aAcquisto: Distributore 996 $6020$a88-343-0182-X$9(OLS)http://semarc/number/39816 996 $6245$aGregorio di Nazianzo il teologo$9(OLS)http://semarc/title/99613 996 $6260$aMilano :$bVita e Pensiero$9(OLS)http://semarc/publisher/29642